000
00233nam a22000857a 4500
008
170606b xxu||||| |||| 00| 0 eng d
100
_9
3292
_a
Endow. T. B
245
_a
Tom and the naughty cow
260
_a
New Delhi
_b
National Book Trust
_c
2004
999
_c
6609
_d
6609